Geography by Letter on the World Map - T - Statistics

General Stats
  • This quiz has been taken 1,010 times
  • The average score is 12 of 17
Answers on the Map
Answers color-coded by a green-red scale on the quiz's map according to % correct below.
 
Answer Stats
Answer % Correct
Texas
99%
Tanzania
98%
Thailand
97%
Tokyo
97%
Turkmenistan
97%
Tasmania
96%
Toronto
88%
Trinidad and Tobago
86%
Turin
86%
Tibet
82%
Tigris
81%
Tahiti
55%
Table Mountain
50%
Tierra del Fuego
42%
Tagus
34%
Tigray
17%
Tian Shan Mountains
12%
No matching quizzes found
Score Distribution
Percent of People with Each Score
Percentile by Number Answered
Your Score History
You have not taken this quiz